000 01270cam a2200397 a 4500
001 4460
003 FISKH
005 20240911093958.0
008 820318r1982 nyua j 000 0 eng
010 _a 82015263
020 _a0394854225
020 _a9780142414828
020 _a039495422X (lib. bdg.)
040 _aDLC
_cDLC
_dDLC
_beng
050 _aPR6054.A35
082 _a821.914
100 1 _aDahl, Roald.
245 1 0 _aRoald Dahl's Revolting rhymes /
_cillustrations by Quentin Blake.
250 _aThis edition published in 2009
260 _aNew York :
_bPuffin Books,
_c1982.
300 _a47 pages :
_bcolor illustrations ;
_c27 cm
505 _aR
520 _aHumorous retellings in verse of six well-known fairy tales featuring surprise endings in place of the traditional happily-ever-after.
521 8 _a780
_bLexile NP
521 8 _aR
_bRaz-Plus
650 0 _aChildren's poetry, English.
650 0 _aFairy tales
_xAdaptations.
650 1 _aFairy tales
_xAdaptations.
650 1 _aEnglish poetry.
650 1 _aHumorous poetry.
650 1 _aNarrative poetry.
700 1 _aBlake, Quentin,
_eillustrator
906 _a7
_bcbc
_corignew
_d1
_eocip
_f19
_gy-gencatlg
942 _2ddc
_cBK
_n0
999 _c4460
_d4460